000 00672nam a2200241 4500
003 0
005 20180718144531.0
008 0
010 _aB-058787
020 _a8187336838
035 _aB-058787 ,B-058785
037 _bCen Lib / Ret
040 _a591.525
_bPAI
_c0
082 _a591.525
_bPAI
100 _aPaintal, Abhijit
245 _aBiology of migratory animals /
_cby Abhijit Paintal
260 _aNew Delhi
_bDominant Publishers and Distributors
_c2007
270 _a116A, South Anarkali
_bDelhi
_e110051
300 _a268p
_b27cm(Hb)
650 _aAnimal migration.
650 _aMigratory Animal
942 _2ddc
_cEN
_h591.525
_mPAI
999 _c136597
_d136597